000 00584nam a2200181 u 4500
001 000569941
003 AM-YeHGA
005 20250617140731.0
008 080303s1974 ||| r 000 0 rus d
040 _aAM-YeHGA
041 1 _arus
_htar
100 1 _aФайзуллин, Равиль Абдрахманович
245 1 0 _aСаз :
_bСтихи /
_cР.А. Файзуллин; Пер. с татар.
260 _aМосква :
_bМол. гвардия,
_c1974.
300 _a112 с. :
_bил.
653 0 _aТатарская советская поэзия
090 _c227211
999 _c225670
_d225670